Typing 1-100 in 45 seconds - Statistics

General Stats
  • This quiz has been taken 101 times
  • The average score is 68 of 100
Answer Stats
Answer % Correct
1
100%
11
100%
2
100%
3
100%
4
100%
5
100%
6
100%
7
100%
8
100%
10
97%
12
97%
14
97%
15
97%
9
97%
16
95%
17
95%
18
92%
19
92%
22
92%
23
92%
13
90%
21
90%
24
90%
25
90%
26
90%
27
90%
28
90%
31
90%
20
87%
29
87%
32
87%
35
87%
37
87%
30
85%
33
85%
34
85%
40
85%
41
85%
43
85%
36
82%
38
82%
39
82%
42
82%
44
79%
45
79%
47
79%
48
79%
46
77%
51
77%
54
77%
49
74%
50
74%
52
74%
53
74%
55
72%
56
64%
62
64%
57
62%
59
62%
61
62%
63
62%
64
62%
65
62%
58
59%
60
59%
66
59%
67
59%
68
54%
69
51%
71
49%
70
46%
72
46%
74
44%
73
41%
75
38%
76
38%
81
38%
89
38%
91
38%
92
38%
93
38%
94
38%
79
36%
82
36%
84
36%
87
36%
95
36%
77
33%
78
33%
90
33%
80
31%
83
31%
85
31%
86
31%
88
31%
96
31%
97
31%
98
31%
99
26%
100
23%
No matching quizzes found
Score Distribution
Percent of People with Each Score
Percentile by Number Answered
Your Score History
You have not taken this quiz